Normal view
MARC view
Entry Uniform Title
001 - CONTROL NUMBER
- control field: 15100
003 - CONTROL NUMBER IDENTIFIER
- control field: NUST
005 - DATE AND TIME OF LATEST TRANSACTION
- control field: 20190619112219.0
008 - FIXED-LENGTH DATA ELEMENTS
- fixed length control field: 190619|| aca||aabn | a|a d
040 ## - CATALOGING SOURCE
- Original cataloging agency: NUST
- Transcribing agency: NUST
130 ## - HEADING--UNIFORM TITLE
- Uniform title:
670 ## - SOURCE DATA FOUND
- Source citation: Work cat.: (NUST): Saba Urooj 15099, Therapeutic potential of lallemantia royleana Lamiaceae seeds, 2017
